000
00329nam a2200133Ia 4500
005
20251222144722.0
008
251222s9999||||xx |||||||||||||| ||spa||
020
_a
978849245345
082
_a
332.456/G23
100
_a
García Estévez, Pablo
245
0
_a
Mercados Financieros Internacionales
264
_b
Delta
942
_c
LIB
999
_c
18261
_d
18261